000 00263nam a22001217a 4500
008 170822b xxu||||| |||| 00| 0 eng d
041 _aeng
080 _26 ED
_a51
100 _a37
101 _aMAT
245 _aCOLLEGE ALGEBRA
_cSULLIVAMN.P
942 _2udc
_cBK
999 _c24443
_d24443